书目信息 |
| 题名: |
谈史说戏
|
|
| 作者: | 来新夏 著 | |
| 分册: | ||
| 出版信息: | 北京 北京出版社 1987 |
|
| 页数: | 327页 | |
| 开本: | 19cm | |
| 丛书名: | ||
| 单 册: | ||
| 中图分类: | J821.2 | |
| 科图分类: | ||
| 主题词: | 戏剧史--中国 , 戏剧--艺术--中国 | |
| 电子资源: | ||
| ISBN: | 7-200-00037-X | |
| 000 | 00594nam0 2200229 45 | |
| 001 | 0187003771 | |
| 005 | 20060804110640.71 | |
| 010 | @a7-200-00037-X@dCNY2.30 | |
| 100 | @a19900830d1987 em y0chiy0121 ea | |
| 101 | 0 | @achi |
| 102 | @aCN@b110000 | |
| 105 | @af rz 000by | |
| 200 | 10 | @a谈史说戏@Atan shi shuo xi@f来新夏著 |
| 210 | @a北京@c北京出版社@d1987 | |
| 215 | @a327页@c插图@d19cm | |
| 606 | @a戏剧史@y中国 | |
| 606 | 0 | @a戏剧@x艺术@x中国 |
| 690 | @aJ821.2@v3 | |
| 701 | 0 | @a来新夏@Alai xin xia@4著 |
| 801 | 2 | @aCN@bNLC@c20060804 |
| 801 | 0 | @aCN@bTSSF |
| 905 | @a10447@dJ821.2@e72 | |
| 谈史说戏/来新夏著.-北京:北京出版社,1987 |
| 327页:插图;19cm |
| ISBN 7-200-00037-X:CNY2.30 |
| ● |
| 相关链接 |
|
|
|
|
正题名:谈史说戏
索取号:J821.2/72
 
预约/预借
| 序号 | 登录号 | 条形码 | 馆藏地/架位号 | 状态 | 备注 |
| 1 | 0444585 | 204445859 | 密集书库/ [索取号:J821.2/72] | 在馆 |